000 01295nam a2200337Ia 4500
003 CO-BoRNBP
005 20230629230957.0
007 ta
008 121119s9999 xx 000 0 und d
020 _a9789705803895
040 _aCO-BoRNBP
_bspa
_erda
_cCO-BoRNBP
041 _aspa
084 _aN ROD4
100 1 _aRodríguez, Antonio Orlando,
_d1956-
_92660
245 1 0 _aChiquita
_cAntonio Orlando Rodríguez
250 _a1a edición
264 _aBogotá
_bAlfaguara
_c2008
300 _a550 páginas
_c25 cm.
_bilustraciones y fotografías en blanco y negro
336 _atexto
_btxt
_2rdacontent
337 _asin mediación
_bn
_2rdamedia
338 _avolumen
_bnc
_2rdacarrier
500 _aIncluye datos biográficos del autor
586 _aPremio Alfaguara de Novela, 2008
650 1 4 _aAutores Cubanos
_2LEMB
_vNovela Cubana
_ySiglo XX.
_92661
650 1 4 _aArtistas en la literatura
_2LEMB
_vNovela cubana.
_92662
650 1 4 _a Literatura Cubana
_2LEMB
_ySiglo XX.
_92663
650 1 4 _aMujeres en la literatura.
_2LEMB
_91058
650 1 4 _aAmor en la literatura.
_2LEMB
_969
830 _aColección de Fortalecimiento 2011
_pColección de Fortalecimiento del Ministerio de Cultura, Plan Nacional de Lectura y Escritura Leer es mi Cuento, Fortalecimiento 2011
_952
942 _cBKLIT
999 _c2184
_d2184